Aplikovaná poistná štatistika /

Hlavní autor: Pacáková, Viera, 1947-
Jazyk: Slovenština
Vydáno: Bratislava : Ekonóm, 1998
Vydání: 1. vyd.
Témata:
Fyzický popis: 172 s., 3 s. příloh ; 21 cm
Knihy
Uloženo v:
LEADER 01198nam a2200325 a 4500
001 000399122
003 CZ BrMZK
005 20210316192746.0
007 ta
008 980115s1998 xo e p slo d
020 |a 80-225-0936-1 
040 |a BOA001  |b cze 
072 7 |a 368  |x Pojišťovnictví  |2 Konspekt  |9 4 
072 7 |a 37.016  |x Učební osnovy. Vyučovací předměty. Učebnice  |2 Konspekt  |9 22 
080 |a 368:51-7  |2 MRF 
080 |a [311+519.2]-027.22  |2 MRF 
080 |a (075.8)  |2 MRF 
100 1 |a Pacáková, Viera,  |d 1947-  |7 jx20071201018  |4 aut 
245 1 0 |a Aplikovaná poistná štatistika /  |c Viera Pacáková 
250 |a 1. vyd. 
260 |a Bratislava :  |b Ekonóm,  |c 1998 
300 |a 172 s., 3 s. příloh ;  |c 21 cm 
500 |a Určeno pro posl. fak. hospodárskej inform. - Bibliogr. 
541 |a Bratislava, Centrum vedecko-technických informácií SR 
650 0 7 |a pojistná matematika  |7 ph124212  |2 czenas 
650 0 7 |a aplikovaná statistika  |7 ph207535  |2 czenas 
655 7 |a učebnice vysokých škol  |7 fd133772  |2 czenas 
910 |a BOA001  |b 2-1056.291 
990 |a BK 
996 7 |b 2610087722  |c 2-1056.291  |l MZK  |r Sklad / do 1 hodiny  |n 13  |p vým  |w 000399122  |u 000010  |a 1  |e BOA001  |j MZK50  |s A